[Event "Marseille op 5th"]
[Site "Marseille"]
[Date "2012.12.26"]
[Round "2"]
[White "Riff, Vincent"]
[Black "Graille, Michel"]
[Result "1-0"]
[WhiteElo "2340"]
[BlackElo "1907"]
[PlyCount "63"]
[EventDate "2012.12.26"]
[EventType "swiss"]
[EventRounds "9"]
[EventCountry "FRA"]
[SourceTitle "EXT 2014"]
[Source "ChessBase"]
[SourceDate "2013.11.20"]
[SourceVersion "1"]
[SourceVersionDate "2013.11.20"]
[SourceQuality "1"]

1. e4 c5 2. Nc3 Nc6 3. Bb5 Nd4 4. Bc4 e6 5. Nf3 Nc6 6. Bb5 Qc7 7. 0-0 d6 8. Re1 Bd7 9. a4 a6 10. Bxc6 Bxc6 11. d4 cxd4 12. Qxd4 Nf6 13. Nd5 Bxd5 14. exd5 e5 15. Bg5 Be7 16. Qd2 0-0 17. a5 Rac8 18. Rac1 h6 19. Bxf6 Bxf6 20. c4 b6 21. axb6 Qxb6 22. b4 Rfe8 23. Re4 Be7 24. g4 Rb8 25. Rb1 Bf8 26. h4 g6 27. g5 h5 28. Ne1 Qd8 29. Rb3 a5 30. b5 Qb6 31. Nd3 Bg7 32. Nb2 1-0

[Event "Marseille op 4th"]
[Site "Marseille"]
[Date "2011.12.27"]
[Round "4"]
[White "Desormes, Olivier"]
[Black "Graille, Michel"]
[Result "1/2-1/2"]
[WhiteElo "1762"]
[BlackElo "1914"]
[PlyCount "56"]
[EventDate "2011.12.26"]
[EventType "swiss"]
[EventRounds "9"]
[EventCountry "FRA"]
[SourceTitle "CBM 146 Extra"]
[Source "ChessBase"]
[SourceDate "2012.02.29"]
[SourceVersion "1"]
[SourceVersionDate "2012.02.29"]
[SourceQuality "1"]

1. d4 Nf6 2. Nf3 e6 3. Bg5 Be7 4. e3 b6 5. Bd3 Bb7 6. c4 Ne4 7. Bxe7 Qxe7 8. Nc3 Nxc3 9. bxc3 d6 10. 0-0 c5 11. e4 e5 12. Re1 Bc8 13. Qd2 Nc6 14. Bc2 0-0 15. dxc5 dxc5 16. Qg5 f6 17. Qe3 Na5 18. Rad1 Be6 19. Bb3 Rad8 20. Qe2 Rxd1 21. Rxd1 Rd8 22. Rxd8+ Qxd8 23. Qd2 Qe7 24. Qd3 g6 25. Nd2 Kf7 26. h3 Qd7 27. Qxd7+ Bxd7 28. Kf1 Be6 1/2-1/2

[Event "Marseille op 4th"]
[Site "Marseille"]
[Date "2011.12.26"]
[Round "2"]
[White "Verges, Brice"]
[Black "Graille, Michel"]
[Result "1-0"]
[WhiteElo "1868"]
[BlackElo "1914"]
[PlyCount "87"]
[EventDate "2011.12.26"]
[EventType "swiss"]
[EventRounds "9"]
[EventCountry "FRA"]
[SourceTitle "CBM 146 Extra"]
[Source "ChessBase"]
[SourceDate "2012.02.29"]
[SourceVersion "1"]
[SourceVersionDate "2012.02.29"]
[SourceQuality "1"]

1. e4 c5 2. Nf3 Nc6 3. d4 cxd4 4. Nxd4 Nf6 5. Nc3 e6 6. Nxc6 bxc6 7. Bd3 e5 8. Bg5 Be7 9. 0-0 d6 10. h3 a5 11. Qe2 0-0 12. Rad1 Qc7 13. Rfe1 a4 14. a3 Qb6 15. Bc1 h6 16. Bc4 Ba6 17. Nxa4 Bxc4 18. Nxb6 Bxe2 19. Rxe2 Rab8 20. Nc4 Rfd8 21. b3 Ne8 22. a4 f6 23. Ba3 Kf7 24. Red2 Ke6 25. Ne3 Rb7 26. Rd3 g6 27. Rc3 Rc7 28. b4 f5 29. f3 f4 30. Ng4 h5 31. Nf2 d5 32. exd5+ cxd5 33. Rxc7 Nxc7 34. Rd3 Ra8 35. Rc3 Bd6 36. Nd3 d4 37. Nc5+ Kd5 38. Rb3 Bxc5 39. bxc5 Rxa4 40. Rb7 Rxa3 41. Rxc7 Rc3 42. Rd7+ Kxc5 43. Rg7 Rxc2 44. Rc7+ 1-0

[Event "FRA-ch Seniors"]
[Site "Aix les Bains"]
[Date "2007.08.17"]
[Round "4"]
[White "Marbot, Raymond"]
[Black "Graille, Michel"]
[Result "1/2-1/2"]
[WhiteElo "1834"]
[BlackElo "2010"]
[PlyCount "67"]
[EventDate "2007.08.13"]
[EventType "swiss"]
[EventRounds "11"]
[EventCountry "FRA"]
[SourceTitle "CBM 120 Extra"]
[Source "ChessBase"]
[SourceDate "2007.11.01"]
[SourceVersion "1"]
[SourceVersionDate "2007.11.01"]
[SourceQuality "1"]

1. e4 c5 2. Nf3 Nc6 3. d4 cxd4 4. Nxd4 Nf6 5. Nc3 e6 6. Ndb5 d6 7. Bf4 e5 8. Bg5 a6 9. Na3 b5 10. Nd5 Be7 11. Bxf6 Bxf6 12. c3 Bg5 13. Nc2 0-0 14. a4 Rb8 15. axb5 axb5 16. Ncb4 Nxb4 17. Nxb4 Bb7 18. Bd3 Ra8 19. 0-0 Rxa1 20. Qxa1 Qb6 21. Qd1 Ra8 22. Qg4 Bf6 23. Re1 Bc6 24. Qe2 Ra5 25. Qg4 Ra8 26. Nxc6 Qxc6 27. Qe2 Rb8 28. Ra1 b4 29. Bb5 Qc5 30. c4 h6 31. Kf1 Bd8 32. b3 Bb6 33. Rd1 Qc7 34. Qd2 1/2-1/2

[Event "FRA-ch op-B"]
[Site "Aix les Bains"]
[Date "2003.08.24"]
[Round "6"]
[White "Sebagh, William"]
[Black "Graille, Michel"]
[Result "1/2-1/2"]
[WhiteElo "1810"]
[BlackElo "1900"]
[PlyCount "27"]
[EventDate "2003.08.19"]
[EventType "swiss"]
[EventRounds "9"]
[EventCountry "FRA"]
[SourceTitle "EXT 2004"]
[Source "ChessBase"]
[SourceDate "2003.11.25"]
[SourceVersion "1"]
[SourceVersionDate "2003.11.25"]
[SourceQuality "1"]

1. d4 d5 2. c4 c6 3. Nc3 Nf6 4. cxd5 cxd5 5. Bf4 a6 6. e3 Nc6 7. Rc1 e6 8. Bd3 Bd6 9. Bg3 0-0 10. Nf3 Bxg3 11. hxg3 Qd6 12. Bb1 e5 13. dxe5 Nxe5 14. Nxd5 1/2-1/2